false confidence- noah kahan lyrics - Statistics

General Stats
  • This quiz has been taken 121 times
  • The average score is 235 of 282
Answer Stats
lyrics % Correct
a
98%
i
97%
so
97%
why
97%
you
97%
up
95%
my
94%
myself
94%
back
92%
down
92%
tear
92%
to
92%
again
90%
wonder
90%
me
89%
all
87%
and
87%
be
87%
never
87%
built
85%
take
85%
don't
85%
for
85%
look
85%
see
85%
seriously
85%
take
85%
at
84%
confidence
84%
dressed
84%
someone
84%
your
84%
false
82%
hope
82%
somehow
82%
yourself
82%
oh
81%
the
81%
young
81%
i'll
79%
in
79%
wake
79%
know
76%
but
73%
here
73%
of
73%
sky
73%
you're
73%
meet
71%
surrender
71%
fucked
69%
holes
69%
left
69%
reason
69%
that's
68%
hands
66%
over
63%
lay
58%
let
55%
those
50%
with
50%
demons
48%
uneven
47%
polished
45%
fake
44%
sentiment
44%
split
44%
won't
44%
doubt
42%
fill
37%
now
37%
void
37%
No matching quizzes found
Score Distribution
Percent of People with Each Score
Percentile by Number Answered
Your Score History
You have not taken this quiz